000 00852nas a2200277 4500
001 BR2013003090
003 BR-BrBNA
005 20231205122219.0
007 ta
008 230509b bl.|||p| |||| 00| 00por d
040 _aBR-BrBNA
_bpor
_cBiblioteca Nacional de Agricultura
041 _a(Pt)
072 _aM40
100 1 _aQueiroz, G.M.L.N. de
100 1 _aSpach, H.L.
100 1 _aMorelos, M.S.
100 1 _aSchwartz Junior, R.
245 1 _aA ictiofauna demersal de área com diferentes níveis de ocupação humana, no estuário de Paranaguá
650 _aBIOLOGIA AQUÁTICA
650 _aTAXONOMIA
650 _aCAPTURA
650 _aESTUÁRIO
773 0 _tArquivos de Ciências do Mar (Brazil)
_xISSN 0374-5686
_g(2007), v. 40(2) p. 80-91
_wBR2013003090
909 _a202311
_bLúcia
_c55
_dLúcia Elande
942 _2AGRIS
_n0
_cANA
999 _c227498
_d227498